Interaction access: Grammar

保存先:
書誌詳細
第一著者: Patricia K Werner
フォーマット: 図書
言語:Undetermined
出版事項: New York McGraw-Hill 2002
主題:
タグ: タグ追加
タグなし, このレコードへの初めてのタグを付けませんか!
Thư viện lưu trữ: Trung tâm Học liệu Trường Đại học Cần Thơ
LEADER 00560nam a2200205Ia 4500
001 CTU_57582
008 210402s9999 xx 000 0 und d
020 |b 69000 
082 |a 428.24 
082 |b I.61 
100 |a Patricia K Werner 
245 0 |a Interaction access: Grammar 
245 0 |c Patricia K Werner, John P. Nelson and Marilynn Spaventa 
260 |a New York 
260 |b McGraw-Hill 
260 |c 2002 
650 |a english language 
650 |x grammar 
904 |i Minh, 960807 
980 |a Trung tâm Học liệu Trường Đại học Cần Thơ